[Event "37. Copenhagen Open (Politiken Cup)"]
[Site "Elsinore"]
[Date "2015.07.29"]
[Round "6"]
[White "Bengtsson, Tage"]
[Black "Solberg, Joachim"]
[Result "0-1"]
[WhiteElo "2076"]
[BlackElo "2270"]
[PlyCount "58"]
[EventDate "2015.07.25"]
[EventType "swiss"]
[EventRounds "10"]
[EventCountry "DEN"]
[Source "ChessBase"]
[SourceDate "2015.09.14"]

1. d4 Nf6 2. Nf3 e6 3. Bg5 d5 4. e3 Be7 5. Bd3 O-O 6. O-O Nfd7 7. Bxe7 Qxe7 8.
c4 dxc4 9. Bxc4 c5 10. Nc3 Nb6 11. Be2 cxd4 12. exd4 Nc6 13. Qb3 Rd8 14. Rad1
Bd7 15. Ne4 Be8 16. Rfe1 Rac8 17. Bb5 Na5 18. Qd3 Nac4 19. Neg5 g6 20. Bxe8
Rxe8 21. Re2 Nd5 22. Qe4 h6 23. Nh3 Qb4 24. Ne5 Nxb2 25. Qf3 Re7 26. a3 Qxd4
27. Rb1 Nc3 28. Rexb2 Nxb1 29. Rxb1 Qxe5 0-1

[Event "37. Copenhagen Open (Politiken Cup)"]
[Site "Elsinore"]
[Date "2015.07.29"]
[Round "6"]
[White "Berg Olsen, Sebastian N"]
[Black "Loveid, Erik"]
[Result "0-1"]
[WhiteElo "1302"]
[BlackElo "1559"]
[PlyCount "140"]
[EventDate "2015.07.25"]
[EventType "swiss"]
[EventRounds "10"]
[EventCountry "DEN"]
[Source "ChessBase"]
[SourceDate "2015.09.14"]

1. e4 e6 2. d4 d5 3. Nc3 Bb4 4. e5 c5 5. Nf3 Nc6 6. a3 Bxc3+ 7. bxc3 Qc7 8. Be2
Nge7 9. O-O Bd7 10. Bb5 Nxe5 11. Nxe5 Bxb5 12. Re1 Ng6 13. a4 Ba6 14. Qh5 O-O-O
15. Qd1 Nxe5 16. Rxe5 cxd4 17. cxd4 h6 18. Bb2 Rhe8 19. Qg4 Rg8 20. Ra3 Kb8 21.
Rc3 Qd7 22. Qf4 Ka8 23. h3 b6 24. Ree3 Rc8 25. Rf3 Rxc3 26. Rxc3 Rc8 27. Rxc8+
Bxc8 28. Kh2 Kb7 29. g3 Qc7 30. Qxc7+ Kxc7 31. Ba3 g6 32. g4 Bd7 33. Kg3 Bxa4
34. c3 f5 35. f3 Kd7 36. h4 fxg4 37. fxg4 h5 38. g5 Bc2 39. Kf2 Kc6 40. Ke2 Kb5
41. Kd2 Be4 42. Kc1 a5 43. Kb2 Kc4 44. Bd6 b5 45. Bf4 Bf5 46. Bd6 b4 47. cxb4
axb4 48. Be5 b3 49. Bf6 Bc2 50. Bg7 Kd3 51. Be5 Ke4 52. Kc3 Kf3 53. Bd6 Kg4 54.
Be7 Kxh4 55. Bf6 Kg4 56. Kd2 h4 57. Kc1 h3 58. Be5 Kxg5 59. Kb2 Kg4 60. Kc3 Kf3
61. Bd6 g5 62. Kd2 g4 63. Kc1 g3 64. Kb2 h2 65. Kc3 h1=Q 66. Kb4 b2 67. Kc5
b1=Q 68. Kc6 Ba4+ 69. Kc7 Qhh7+ 70. Kc8 Qd7# 0-1

[Event "37. Copenhagen Open (Politiken Cup)"]
[Site "Elsinore"]
[Date "2015.07.29"]
[Round "6"]
[White "Bernhardsson, Sten"]
[Black "McPhillips, Joseph"]
[Result "0-1"]
[WhiteElo "2003"]
[BlackElo "2191"]
[PlyCount "66"]
[EventDate "2015.07.25"]
[EventType "swiss"]
[EventRounds "10"]
[EventCountry "DEN"]
[Source "ChessBase"]
[SourceDate "2015.09.14"]

1. d4 e6 2. Nf3 Nf6 3. Bg5 c5 4. e3 Nc6 5. Be2 Qb6 6. Bxf6 gxf6 7. O-O cxd4 8.
exd4 Qxb2 9. Nbd2 Nxd4 10. Nc4 Nxe2+ 11. Qxe2 Qb4 12. Rab1 Qe7 13. Rfd1 d5 14.
Ne3 Bg7 15. c4 dxc4 16. Rd4 O-O 17. Nf5 Qc5 18. Nxg7 Kxg7 19. Rxc4 Qh5 20. Rh4
Qg6 21. Rbb4 e5 22. h3 Kh8 23. Qe3 Rg8 24. g3 Rd8 25. Kg2 b6 26. Rh6 Qg7 27.
Rbh4 Bf5 28. g4 Bg6 29. g5 e4 30. Nd2 fxg5 31. Qxg5 e3 32. Qxe3 Be4+ 33. Kf1
Bd3+ 0-1

[Event "37. Copenhagen Open (Politiken Cup)"]
[Site "Elsinore"]
[Date "2015.07.29"]
[Round "6"]
[White "Berntsen Oybo, August"]
[Black "Molin, Claus"]
[Result "0-1"]
[WhiteElo "1777"]
[BlackElo "1990"]
[PlyCount "96"]
[EventDate "2015.07.25"]
[EventType "swiss"]
[EventRounds "10"]
[EventCountry "DEN"]
[Source "ChessBase"]
[SourceDate "2015.09.14"]

1. d4 Nf6 2. Nf3 e6 3. Bg5 Be7 4. e3 b6 5. Bd3 Bb7 6. Nbd2 c5 7. c3 d5 8. O-O
Nbd7 9. Qa4 O-O 10. Ne5 c4 11. Bb1 Nxe5 12. dxe5 Nd7 13. Qc2 g6 14. Bh6 Re8 15.
f4 Bf8 16. Bxf8 Rxf8 17. Nf3 f6 18. exf6 Qxf6 19. Qa4 Qe7 20. Qb4 Rae8 21. Qxe7
Rxe7 22. Ne5 Nxe5 23. fxe5 Rxf1+ 24. Kxf1 Bc6 25. Bc2 Be8 26. Ke2 g5 27. Rf1
Rf7 28. Rxf7 Bxf7 29. g4 h6 30. e4 Bg6 31. Ke3 Kf8 32. Kd4 Ke7 33. b3 cxb3 34.
axb3 Kd7 35. Bd3 Bxe4 36. Bb5+ Kc7 37. Be8 Bf3 38. Bh5 Bd1 39. b4 a5 40. bxa5
bxa5 41. Kc5 a4 42. Kb4 Kb6 43. h3 a3 44. Kxa3 Kc5 45. Bf7 d4 46. c4 Be2 47.
Kb2 Bxc4 48. Kc2 Kd5 0-1

[Event "37. Copenhagen Open (Politiken Cup)"]
[Site "Elsinore"]
[Date "2015.07.29"]
[Round "6"]
[White "Biasi, Grace"]
[Black "Shehzad, Alisha"]
[Result "0-1"]
[WhiteElo "1649"]
[BlackElo "1266"]
[PlyCount "56"]
[EventDate "2015.07.25"]
[EventType "swiss"]
[EventRounds "10"]
[EventCountry "DEN"]
[Source "ChessBase"]
[SourceDate "2015.09.14"]

1. e4 e5 2. Nf3 Nc6 3. Bb5 Bc5 4. O-O d6 5. Nc3 Nf6 6. d3 h6 7. Na4 Bb6 8. Nxb6
axb6 9. c3 Bg4 10. Qe2 O-O 11. Qe3 Qe7 12. Nh4 Rae8 13. h3 Bd7 14. Bc4 Kh8 15.
Qf3 Na5 16. Bb3 Nxb3 17. axb3 Ra8 18. Be3 Be6 19. c4 Nd7 20. b4 Qxh4 21. d4
exd4 22. Bxd4 Nf6 23. e5 Qxd4 24. exf6 Qxf6 25. Qxb7 Rxa1 26. Rxa1 Qxb2 27. Ra7
Qc1+ 28. Kh2 Qxc4 0-1

[Event "37. Copenhagen Open (Politiken Cup)"]
[Site "Elsinore"]
[Date "2015.07.29"]
[Round "6"]
[White "Bijlsma, Nick"]
[Black "Pantzar, Milton"]
[Result "1-0"]
[WhiteElo "2298"]
[BlackElo "2098"]
[PlyCount "47"]
[EventDate "2015.07.25"]
[EventType "swiss"]
[EventRounds "10"]
[EventCountry "DEN"]
[Source "ChessBase"]
[SourceDate "2015.09.14"]

1. e4 e6 2. d4 d5 3. Nd2 Nf6 4. Bd3 c5 5. c3 cxd4 6. cxd4 Nc6 7. Ngf3 dxe4 8.
Nxe4 Be7 9. O-O O-O 10. Be3 Nb4 11. Bb1 Nbd5 12. Ne5 Bd7 13. a3 Bb5 14. Re1 Rc8
15. Ng5 Nxe3 16. Rxe3 Ba4 17. b3 Bb5 18. Nxh7 g6 19. Nxf8 Qxd4 20. Bxg6 Qxd1+
21. Rxd1 Kxf8 22. Bxf7 Nd5 23. Rg3 Nf6 24. Bxe6 1-0

[Event "37. Copenhagen Open (Politiken Cup)"]
[Site "Elsinore"]
[Date "2015.07.29"]
[Round "6"]
[White "Bjerre, Tavs"]
[Black "Hansen, Verner"]
[Result "1-0"]
[WhiteElo "2059"]
[BlackElo "1883"]
[PlyCount "41"]
[EventDate "2015.07.25"]
[EventType "swiss"]
[EventRounds "10"]
[EventCountry "DEN"]
[Source "ChessBase"]
[SourceDate "2015.09.14"]

1. d4 d5 2. c4 e6 3. Nc3 Nf6 4. cxd5 exd5 5. Bg5 Be7 6. e3 O-O 7. Qc2 Be6 8.
Bd3 Nbd7 9. Nge2 h6 10. Bh4 Re8 11. O-O c6 12. f3 c5 13. Nf4 Qb6 14. Nxe6 fxe6
15. Bf2 e5 16. Rad1 exd4 17. exd4 cxd4 18. Bg6 Rec8 19. Qf5 Nf8 20. Nxd5 Nxd5
21. Bf7+ 1-0

[Event "37. Copenhagen Open (Politiken Cup)"]
[Site "Elsinore"]
[Date "2015.07.29"]
[Round "6"]
[White "Bjornes, Leif"]
[Black "Tenold, Andreas"]
[Result "1-0"]
[WhiteElo "1867"]
[BlackElo "1423"]
[PlyCount "67"]
[EventDate "2015.07.25"]
[EventType "swiss"]
[EventRounds "10"]
[EventCountry "DEN"]
[Source "ChessBase"]
[SourceDate "2015.09.14"]

1. d4 Nf6 2. c4 e6 3. Nc3 Bb4 4. a3 Bxc3+ 5. bxc3 b6 6. f3 d5 7. cxd5 exd5 8.
e3 O-O 9. Bd3 Bb7 10. Ne2 Qd6 11. Ng3 Re8 12. O-O g6 13. Ra2 c5 14. Re2 Nbd7
15. Bb2 Qc6 16. e4 dxe4 17. fxe4 c4 18. Bc2 Rad8 19. Qe1 Re7 20. Bc1 Kg7 21.
Bg5 h6 22. d5 Qc5+ 23. Be3 Qxa3 24. Bd4 Ne5 25. Ref2 Nfg4 26. Rf4 h5 27. h3 Nh6
28. Qe2 Ba6 29. Rf6 Rd6 30. Qf2 Rdd7 31. Qf4 Nd3 32. Rxf7+ Kg8 33. Rf8+ Kh7 34.
Rh8# 1-0

[Event "37. Copenhagen Open (Politiken Cup)"]
[Site "Elsinore"]
[Date "2015.07.29"]
[Round "6"]
[White "Borg, Flemming"]
[Black "Strand, Kjetil"]
[Result "0-1"]
[WhiteElo "1800"]
[BlackElo "2035"]
[PlyCount "64"]
[EventDate "2015.07.25"]
[EventType "swiss"]
[EventRounds "10"]
[EventCountry "DEN"]
[Source "ChessBase"]
[SourceDate "2015.09.14"]

1. e4 e5 2. Nf3 Nc6 3. Bc4 Bc5 4. c3 Nf6 5. d3 O-O 6. b4 Bb6 7. b5 Na5 8. Nxe5
d5 9. exd5 Re8 10. Bf4 Ng4 11. O-O Nxe5 12. Bxe5 Rxe5 13. Nd2 Qf6 14. d4 Rf5
15. Ne4 Qh4 16. Bd3 Rh5 17. h3 Bxh3 18. g3 Qg4 19. Be2 Qxe4 20. Bf3 Qf5 21.
Bxh5 Bxf1 22. Kxf1 Nc4 23. Kg2 Qxd5+ 24. Bf3 Qxb5 25. a4 Qg5 26. Bxb7 Rd8 27.
Qf3 g6 28. Ba6 Nd2 29. Qe2 Nb3 30. Re1 c5 31. Bc4 Na5 32. f4 Qf6 0-1

[Event "37. Copenhagen Open (Politiken Cup)"]
[Site "Elsinore"]
[Date "2015.07.29"]
[Round "6"]
[White "Brobakken, Geir"]
[Black "Haagen Larsen, Hans"]
[Result "1-0"]
[WhiteElo "1936"]
[BlackElo "1714"]
[PlyCount "65"]
[EventDate "2015.07.25"]
[EventType "swiss"]
[EventRounds "10"]
[EventCountry "DEN"]
[Source "ChessBase"]
[SourceDate "2015.09.14"]

1. e4 e6 2. g3 d5 3. exd5 exd5 4. d4 Bd6 5. Bg2 Ne7 6. Ne2 Be6 7. O-O Nbc6 8.
c3 Qd7 9. b4 O-O-O 10. b5 Na5 11. Nf4 Qxb5 12. Nxe6 fxe6 13. Qg4 Nf5 14. Re1 h5
15. Qg6 Rde8 16. Rxe6 Rxe6 17. Qxe6+ Qd7 18. Qxd7+ Kxd7 19. Bxd5 h4 20. Nd2
hxg3 21. hxg3 c5 22. Be4 Ne7 23. Nb3 Nxb3 24. axb3 Nc6 25. d5 Ne5 26. Rxa7 Kc7
27. f4 Nd7 28. Bd2 Kb6 29. Ra1 Nf6 30. Bf3 Nh5 31. c4 Kc7 32. Kg2 g5 33. Rh1
1-0

[Event "37. Copenhagen Open (Politiken Cup)"]
[Site "Elsinore"]
[Date "2015.07.29"]
[Round "6"]
[White "Brobakken, Jorgen"]
[Black "Nielsen, Palle"]
[Result "0-1"]
[WhiteElo "1521"]
[BlackElo "1751"]
[PlyCount "42"]
[EventDate "2015.07.25"]
[EventType "swiss"]
[EventRounds "10"]
[EventCountry "DEN"]
[Source "ChessBase"]
[SourceDate "2015.09.14"]

1. d4 Nf6 2. f4 d5 3. e3 Bf5 4. Nf3 e6 5. Be2 c5 6. c3 a6 7. O-O Nc6 8. Ne5 Qc7
9. Nd2 Ne4 10. Ndf3 f6 11. Nxc6 Qxc6 12. Nh4 Bg6 13. Bh5 O-O-O 14. Nxg6 hxg6
15. Bxg6 f5 16. Bh5 Be7 17. Bf3 g5 18. h3 Ng3 19. Rf2 g4 20. Be2 Rdg8 21. Bf1
Ne4 0-1

[Event "37. Copenhagen Open (Politiken Cup)"]
[Site "Elsinore"]
[Date "2015.07.29"]
[Round "6"]
[White "Brondum, Eric"]
[Black "Steenstrup, Svend"]
[Result "1-0"]
[WhiteElo "2114"]
[BlackElo "1914"]
[PlyCount "101"]
[EventDate "2015.07.25"]
[EventType "swiss"]
[EventRounds "10"]
[EventCountry "DEN"]
[Source "ChessBase"]
[SourceDate "2015.09.14"]

1. d4 g6 2. e4 Nf6 3. Nc3 d5 4. e5 Nh5 5. f4 Nc6 6. Nf3 Bf5 7. a3 Qd7 8. Be2
Ng7 9. O-O h5 10. Ng5 f6 11. Nf3 h4 12. Be3 O-O-O 13. Qd2 Be4 14. b4 Nf5 15.
Bb5 Bh6 16. Na4 b6 17. Qc3 Kb7 18. Rab1 Qe6 19. Nd2 Bxc2 20. Rbc1 Nxe3 21. Qxe3
fxe5 22. dxe5 Qf5 23. Bxc6+ Kxc6 24. Qb3 h3 25. Qxc2+ Qxc2 26. Rxc2+ Kd7 27. g3
e6 28. Rfc1 Rc8 29. Nf3 Rhf8 30. Nb2 g5 31. Nxg5 Bxg5 32. fxg5 Rf5 33. Nd3 Rxg5
34. Rf2 Rg7 35. b5 c5 36. bxc6+ Rxc6 37. Rf6 d4 38. Rxc6 Kxc6 39. Rxe6+ Kd5 40.
Re8 Ke4 41. Nf2+ Ke3 42. e6 Rc7 43. Nxh3 Rc1+ 44. Kg2 Rc2+ 45. Kh1 Rc1+ 46. Ng1
d3 47. e7 Rc7 48. Nf3 Kf2 49. h4 Kxf3 50. Rf8+ Kxg3 51. Rg8+ 1-0

[Event "37. Copenhagen Open (Politiken Cup)"]
[Site "Elsinore"]
[Date "2015.07.29"]
[Round "6"]
[White "Brorsen, Jacob Abildlund"]
[Black "Pedersen, Lars Foldager"]
[Result "1/2-1/2"]
[WhiteElo "2110"]
[BlackElo "1907"]
[PlyCount "74"]
[EventDate "2015.07.25"]
[EventType "swiss"]
[EventRounds "10"]
[EventCountry "DEN"]
[Source "ChessBase"]
[SourceDate "2015.09.14"]

1. d4 d5 2. c4 e6 3. Nc3 f5 4. g4 Nf6 5. gxf5 exf5 6. Bg5 Bb4 7. Bg2 Bxc3+ 8.
bxc3 dxc4 9. Qa4+ c6 10. Qxc4 Qd6 11. Qd3 O-O 12. Qg3 Qa3 13. Bc1 Qe7 14. a4
Ne4 15. Bxe4 Qxe4 16. Nf3 f4 17. Qg5 Re8 18. O-O Bh3 19. Bxf4 Bxf1 20. Be5 Qg6
21. Qxg6 hxg6 22. Kxf1 Nd7 23. e4 Nf6 24. Ng5 Rad8 25. f3 Rd7 26. Ke2 c5 27.
Rc1 b6 28. Ke3 Rc8 29. d5 Re8 30. Ne6 Nxd5+ 31. exd5 Rxd5 32. Ke4 Rd2 33. Nf4
g5 34. Ng6 Rd6 35. Kf5 Rxg6 36. Kxg6 Rxe5 37. Rd1 Re6+ 1/2-1/2

[Event "37. Copenhagen Open (Politiken Cup)"]
[Site "Elsinore"]
[Date "2015.07.29"]
[Round "6"]
[White "Buchal, Stephan"]
[Black "Astrom, Lars"]
[Result "1/2-1/2"]
[WhiteElo "2267"]
[BlackElo "2097"]
[PlyCount "57"]
[EventDate "2015.07.25"]
[EventType "swiss"]
[EventRounds "10"]
[EventCountry "DEN"]
[Source "ChessBase"]
[SourceDate "2015.09.14"]

1. c4 c6 2. Nf3 d5 3. g3 Bg4 4. Bg2 e6 5. cxd5 Bxf3 6. Bxf3 cxd5 7. O-O Nf6 8.
d3 Nc6 9. Nc3 Be7 10. Bd2 O-O 11. Qa4 Qb6 12. Rab1 Rfc8 13. Bg2 a6 14. Rfc1 Rc7
15. a3 Bc5 16. Be1 Nd4 17. b4 Be7 18. e3 Rxc3 19. Rxc3 Ne2+ 20. Kf1 Nxc3 21.
Bxc3 Rc8 22. Qb3 Rc6 23. Bf3 Qc7 24. Be1 b5 25. a4 Qb7 26. Ra1 bxa4 27. Qxa4
Rb6 28. Bc3 Bxb4 29. Bxb4 1/2-1/2

[Event "37. Copenhagen Open (Politiken Cup)"]
[Site "Elsinore"]
[Date "2015.07.29"]
[Round "6"]
[White "Carnstam, Tomas"]
[Black "Overgaard, Jorgen"]
[Result "1-0"]
[WhiteElo "2034"]
[BlackElo "1800"]
[PlyCount "59"]
[EventDate "2015.07.25"]
[EventType "swiss"]
[EventRounds "10"]
[EventCountry "DEN"]
[Source "ChessBase"]
[SourceDate "2015.09.14"]

1. c4 e6 2. e4 c6 3. Nc3 Bb4 4. Qb3 Ba5 5. g3 Ne7 6. Bg2 O-O 7. Nge2 d6 8. O-O
Nd7 9. d4 f5 10. exf5 Nxf5 11. d5 cxd5 12. cxd5 e5 13. Ne4 Bb6 14. Bg5 Qe8 15.
g4 Nd4 16. Nxd4 Bxd4 17. Nxd6 Nc5 18. Qc2 Qd7 19. Nxc8 Raxc8 20. Qe2 Qf7 21.
Be3 Qg6 22. Rad1 Bxe3 23. fxe3 Rxf1+ 24. Rxf1 Ne4 25. Qd3 Nf6 26. Qxg6 hxg6 27.
g5 Ng4 28. Bh3 Rc4 29. d6 Nxe3 30. Be6+ 1-0

[Event "37. Copenhagen Open (Politiken Cup)"]
[Site "Elsinore"]
[Date "2015.07.29"]
[Round "6"]
[White "Chabanon, Jean Luc"]
[Black "Papp, Petra"]
[Result "1/2-1/2"]
[WhiteElo "2493"]
[BlackElo "2300"]
[PlyCount "41"]
[EventDate "2015.07.25"]
[EventType "swiss"]
[EventRounds "10"]
[EventCountry "DEN"]
[Source "ChessBase"]
[SourceDate "2015.09.14"]

1. d4 Nf6 2. c4 g6 3. Nc3 d5 4. Nf3 Bg7 5. cxd5 Nxd5 6. e4 Nxc3 7. bxc3 c5 8.
Be3 Qa5 9. Qd2 O-O 10. Rc1 Rd8 11. Be2 cxd4 12. cxd4 Qxd2+ 13. Bxd2 b6 14. Bb4
Na6 15. Ba3 Bb7 16. O-O e6 17. Rfd1 Rac8 18. Bb5 Nc7 19. Ba4 Bf8 20. Bxf8 Kxf8
21. Ne5 1/2-1/2

[Event "37. Copenhagen Open (Politiken Cup)"]
[Site "Elsinore"]
[Date "2015.07.29"]
[Round "6"]
[White "Christensen, Bo Garner"]
[Black "Lund, Gunnar"]
[Result "1-0"]
[WhiteElo "2215"]
[BlackElo "1765"]
[PlyCount "89"]
[EventDate "2015.07.25"]
[EventType "swiss"]
[EventRounds "10"]
[EventCountry "DEN"]
[Source "ChessBase"]
[SourceDate "2015.09.14"]

1. e4 Nf6 2. e5 Nd5 3. d4 d6 4. Bc4 Nb6 5. Bb3 Nc6 6. Qh5 g6 7. Qf3 e6 8. Qe4
dxe5 9. dxe5 Bg7 10. Nf3 O-O 11. Nc3 Qe7 12. h4 h5 13. Bg5 Qb4 14. Qxb4 Nxb4
15. Be7 N4d5 16. Nxd5 Nxd5 17. Bxf8 Bxf8 18. O-O-O Ne7 19. Ng5 b6 20. g4 hxg4
21. Rhg1 Bb7 22. Rxg4 Bh6 23. Rd7 Nf5 24. f4 Ne3 25. Rg1 Ng2 26. Rxc7 Nxf4 27.
Rg4 Ne2+ 28. Kd1 Bxg5 29. Kxe2 Ba6+ 30. c4 Bc1 31. h5 g5 32. h6 b5 33. h7+ Kg7
34. c5 b4+ 35. Kd1 Bf4 36. Bxe6 Rd8+ 37. Ke1 Kxh7 38. Rxf7+ Kh8 39. Rg1 Bg3+
40. Rxg3 g4 41. Rxg4 Be2 42. Rh4+ Bh5 43. Rxh5+ Kg8 44. Rd7+ Kf8 45. Rh8# 1-0

[Event "37. Copenhagen Open (Politiken Cup)"]
[Site "Elsinore"]
[Date "2015.07.29"]
[Round "6"]
[White "Christensen, Lasse"]
[Black "Stuhr, Peter Sebastian"]
[Result "1-0"]
[WhiteElo "2168"]
[BlackElo "1999"]
[PlyCount "107"]
[EventDate "2015.07.25"]
[EventType "swiss"]
[EventRounds "10"]
[EventCountry "DEN"]
[Source "ChessBase"]
[SourceDate "2015.09.14"]

1. g3 e5 2. Bg2 f5 3. c4 Nc6 4. Nc3 Nf6 5. a3 a5 6. e3 Bc5 7. d3 O-O 8. Nge2
Qe8 9. O-O f4 10. exf4 Qh5 11. Ne4 Nxe4 12. dxe4 d6 13. f5 g6 14. Nc3 Qxd1 15.
Rxd1 gxf5 16. Be3 Nd4 17. Nb5 Nc2 18. Bxc5 Nxa1 19. Nxc7 dxc5 20. Nxa8 Nb3 21.
Nc7 Nd4 22. exf5 Rxf5 23. Nd5 Kg7 24. Bh3 Rf8 25. Bxc8 Rxc8 26. Kg2 Rd8 27. Re1
Nc6 28. Re3 Rd7 29. Rb3 Nd4 30. Re3 Nc6 31. Rb3 Nd4 32. Rb6 e4 33. g4 h6 34. h4
Nf3 35. h5 Ne5 36. Ne3 Kh7 37. Re6 Nd3 38. Kg3 Nxb2 39. Nd5 Rf7 40. Rxe4 Kg7
41. Ne3 Rd7 42. Re6 Rd3 43. Kf4 Rd4+ 44. Kf5 Nd3 45. Re7+ Kf8 46. Rxb7 Nxf2 47.
g5 hxg5 48. h6 Kg8 49. Nd5 Ng4 50. Ne7+ Kh7 51. Kxg5 Ne5 52. Ng6+ Nd7 53. Rxd7+
Rxd7 54. Nf8+ 1-0

[Event "37. Copenhagen Open (Politiken Cup)"]
[Site "Elsinore"]
[Date "2015.07.29"]
[Round "6"]
[White "Christiansen, Niels Jorgen"]
[Black "Torkilseng, Runar"]
[Result "1/2-1/2"]
[WhiteElo "1625"]
[BlackElo "1792"]
[PlyCount "76"]
[EventDate "2015.07.25"]
[EventType "swiss"]
[EventRounds "10"]
[EventCountry "DEN"]
[Source "ChessBase"]
[SourceDate "2015.09.14"]

1. e4 e6 2. c4 d5 3. exd5 exd5 4. d4 Nf6 5. Nc3 Be7 6. Nf3 O-O 7. cxd5 Nxd5 8.
Bc4 Nb6 9. Bb3 Bg4 10. Qd3 Nc6 11. Be3 Bh5 12. O-O-O Bg6 13. Qf1 Bf6 14. Ne5
Bxe5 15. dxe5 Qe7 16. f4 Bf5 17. Qf2 Rfd8 18. h3 Be6 19. Bc5 Qe8 20. Bc2 Rxd1+
21. Rxd1 Rd8 22. Rxd8 Qxd8 23. f5 Qg5+ 24. Kb1 Bc4 25. Ne4 Qh5 26. Qg3 Qe2 27.
Nf6+ Kh8 28. b3 Qxe5 29. Qxe5 Nxe5 30. Ne8 Bd5 31. Bd4 Nbd7 32. g3 c5 33. Bc3
f6 34. Nc7 Bg2 35. h4 Kg8 36. Ne6 Kf7 37. Nf4 Bf3 38. Kc1 Ke7 1/2-1/2

[Event "37. Copenhagen Open (Politiken Cup)"]
[Site "Elsinore"]
[Date "2015.07.29"]
[Round "6"]
[White "De Strycker, Nathan"]
[Black "Nilssen, John Arni"]
[Result "1/2-1/2"]
[WhiteElo "2097"]
[BlackElo "2285"]
[PlyCount "80"]
[EventDate "2015.07.25"]
[EventType "swiss"]
[EventRounds "10"]
[EventCountry "DEN"]
[Source "ChessBase"]
[SourceDate "2015.09.14"]

1. d4 d5 2. c4 e6 3. Nc3 c6 4. e3 Nf6 5. Nf3 Nbd7 6. Bd3 a6 7. O-O b5 8. b3 Bd6
9. Bb2 O-O 10. Qc2 Re8 11. Ne2 h6 12. c5 Bc7 13. Ng3 e5 14. e4 exd4 15. exd5
Nxd5 16. Bxd4 Ne5 17. Nxe5 Bxe5 18. Bxe5 Rxe5 19. Rad1 Bg4 20. Rd2 Qe7 21. h3
Bd7 22. a3 Nf6 23. b4 a5 24. Bf5 Be8 25. Qb2 axb4 26. axb4 Nd5 27. Rd4 Qf6 28.
Be4 Nf4 29. Rd6 Qg5 30. h4 Qe7 31. Nf5 Rxf5 32. Bxf5 Ne2+ 33. Kh2 Qxh4+ 34. Bh3
Nf4 35. Re1 Nd5 36. Qd2 Kf8 37. f3 Qf4+ 38. Qxf4 Nxf4 39. Bd7 Bxd7 40. Rxd7 Nd5
1/2-1/2

[Event "37. Copenhagen Open (Politiken Cup)"]
[Site "Elsinore"]
[Date "2015.07.29"]
[Round "6"]
[White "Degerfeldt, Sven"]
[Black "Schmied, Andreas"]
[Result "1-0"]
[WhiteElo "1859"]
[BlackElo "2047"]
[PlyCount "99"]
[EventDate "2015.07.25"]
[EventType "swiss"]
[EventRounds "10"]
[EventCountry "DEN"]
[Source "ChessBase"]
[SourceDate "2015.09.14"]

1. d4 d5 2. Nf3 Nf6 3. c4 c6 4. e3 Bf5 5. Qb3 Qc7 6. Nc3 e6 7. Bd2 Nbd7 8. Rc1
Rc8 9. cxd5 exd5 10. Be2 h6 11. O-O Be7 12. a3 O-O 13. Rfd1 Qb8 14. Be1 Ne4 15.
Nxe4 Bxe4 16. Nd2 Bg6 17. Bg4 Rcd8 18. Nf3 Nf6 19. Bh3 Bh5 20. Bb4 Rfe8 21.
Bxe7 Rxe7 22. Rd2 Ne4 23. Rdc2 Bxf3 24. gxf3 Ng5 25. Bg2 Qd6 26. f4 Ne4 27.
Bxe4 dxe4 28. Kh1 Qd5 29. Qb4 Rde8 30. Rc5 Qd7 31. Qd2 Qh3 32. Qe2 f5 33. Rg1
Rf8 34. Rg3 Qh4 35. b4 a6 36. Rc1 Kh7 37. Rcg1 Rg8 38. Rg6 Rf7 39. Qf1 Qe7 40.
Qc4 Rf6 41. R6g3 Qe6 42. Qc5 Qd6 43. Qb6 Qe7 44. R1g2 g5 45. fxg5 Rxg5 46. Rxg5
hxg5 47. Rxg5 Rf7 48. Rg3 Qh4 49. Qc5 Qh5 50. Qe5 1-0

[Event "37. Copenhagen Open (Politiken Cup)"]
[Site "Elsinore"]
[Date "2015.07.29"]
[Round "6"]
[White "Djurhuus, Eivind X"]
[Black "Svendsen, Peter"]
[Result "1-0"]
[WhiteElo "2149"]
[BlackElo "1969"]
[PlyCount "57"]
[EventDate "2015.07.25"]
[EventType "swiss"]
[EventRounds "10"]
[EventCountry "DEN"]
[Source "ChessBase"]
[SourceDate "2015.09.14"]

1. c4 g6 2. Nc3 Bg7 3. d4 d6 4. e4 Nf6 5. Be2 O-O 6. Bg5 c5 7. d5 Qa5 8. Qd2 b5
9. Nxb5 Qxd2+ 10. Bxd2 Nbd7 11. Nc3 Rb8 12. Rb1 Nb6 13. Nf3 Bg4 14. b3 e6 15.
h3 Bxf3 16. Bxf3 exd5 17. exd5 Rfe8+ 18. Kd1 Nfd7 19. Kc2 Ne5 20. Be2 Nc8 21.
f4 Nd7 22. Bd3 Ne7 23. g4 Nf6 24. Rhe1 h5 25. g5 Nd7 26. Nb5 Rb6 27. Nc7 Rc8
28. Rxe7 Rxc7 29. Ba5 1-0

[Event "37. Copenhagen Open (Politiken Cup)"]
[Site "Elsinore"]
[Date "2015.07.29"]
[Round "6"]
[White "Ekberg, Jacob"]
[Black "Fossan, Aleksander"]
[Result "0-1"]
[WhiteElo "1656"]
[BlackElo "1798"]
[PlyCount "32"]
[EventDate "2015.07.25"]
[EventType "swiss"]
[EventRounds "10"]
[EventCountry "DEN"]
[Source "ChessBase"]
[SourceDate "2015.09.14"]

1. d4 Nf6 2. c4 g6 3. Nc3 d5 4. f3 Bg7 5. cxd5 Nxd5 6. e4 Nxc3 7. bxc3 c5 8.
Be3 Nc6 9. Bb5 O-O 10. Bxc6 bxc6 11. Ne2 Qa5 12. O-O Rd8 13. Qc2 Ba6 14. c4
cxd4 15. Bd2 Qc5 16. Qc1 Qxc4 0-1

[Event "37. Copenhagen Open (Politiken Cup)"]
[Site "Elsinore"]
[Date "2015.07.29"]
[Round "6"]
[White "Eriksson, Christian Altenburg"]
[Black "Carlstedt, Jonathan"]
[Result "0-1"]
[WhiteElo "2175"]
[BlackElo "2460"]
[PlyCount "70"]
[EventDate "2015.07.25"]
[EventType "swiss"]
[EventRounds "10"]
[EventCountry "DEN"]
[Source "ChessBase"]
[SourceDate "2015.09.14"]

1. e4 e5 2. Nf3 Nc6 3. Bb5 a6 4. Bxc6 dxc6 5. O-O Bg4 6. h3 Bh5 7. g4 Bg6 8.
Nxe5 Qh4 9. Qf3 f6 10. Nxg6 hxg6 11. Kg2 g5 12. d4 Ne7 13. Rh1 Qh7 14. Nc3 Ng6
15. Kf1 Nh4 16. Qe2 O-O-O 17. Be3 Bb4 18. f3 Rhe8 19. Nd1 Bd6 20. c3 Rd7 21. b4
Rde7 22. a4 f5 23. Bxg5 fxe4 24. Bxe7 exf3 25. Qe6+ Kb8 26. Nf2 Rxe7 27. Qc4
Qc2 28. Qd3 Qe2+ 29. Kg1 Re3 30. Qd1 Bg3 31. Qxe2 fxe2 32. Re1 g5 33. c4 b5 34.
axb5 axb5 35. cxb5 cxb5 0-1

[Event "37. Copenhagen Open (Politiken Cup)"]
[Site "Elsinore"]
[Date "2015.07.29"]
[Round "6"]
[White "Eriksson, Kristian"]
[Black "Alfven, Jorgen"]
[Result "1/2-1/2"]
[WhiteElo "2164"]
[BlackElo "1932"]
[PlyCount "34"]
[EventDate "2015.07.25"]
[EventType "swiss"]
[EventRounds "10"]
[EventCountry "DEN"]
[Source "ChessBase"]
[SourceDate "2015.09.14"]

1. Nf3 d5 2. e3 Nf6 3. b3 e6 4. Bb2 Be7 5. Be2 c5 6. O-O O-O 7. c4 dxc4 8. bxc4
Nc6 9. Ne5 Nxe5 10. Bxe5 Nd7 11. Bb2 Bf6 12. Nc3 Qc7 13. Qc2 a6 14. Rfd1 g6 15.
d3 Rb8 16. a4 Bg7 17. Ne4 Bxb2 1/2-1/2